000 00572nam a2200181 i 4500
001 bgj
245 0 0 _aOldspeak/Newspeak Rhetorical Transformations ;
_cedited by Charles W. Kneupper.
260 _aArlington, Tx :
_bRhetoric Society of America,
_c1985.
300 _aVI, 267 pp ;
_c22 cm.
650 9 _aRhetoric
_xHistory
_xCongresses
650 9 _aOratory
_xHistory
_xCongresses
650 9 _aPolitical oratory
_xHistory
_xCongresses
700 1 _aKNEUPPER, Charles W.
_eed.
040 _cBPK
041 _aeng
942 _cKS
008 s uk f |000 0 eng
999 _c41282
_d41282
856 _uhttp://koha.tu.koszalin.pl/cgi-bin/koha/opac-detail.pl?biblionumber=41282
_yKatalog online BPK